书目信息 |
| 题名: |
大学英语四级考试新题型模拟试卷
|
|
| 作者: | 潘丽 主编 | |
| 分册: | ||
| 出版信息: | 哈尔滨 哈尔滨工业大学出版社 2006 |
|
| 页数: | 250页 | |
| 开本: | 26cm | |
| 丛书名: | ||
| 单 册: | ||
| 中图分类: | H319.6 , H310.42 | |
| 科图分类: | ||
| 主题词: | 英语--高等学校--试题 , 英语 | |
| 电子资源: | ||
| ISBN: | 7-5603-2340-5 | |
| 000 | 00843nam0 2200253 450 | |
| 001 | 003317225 | |
| 005 | 20070803111524.93 | |
| 010 | @a7-5603-2340-5@dCNY25.80 | |
| 100 | @a20060518d2006 em y0chiy0110 ea | |
| 101 | 0 | @achi@aeng |
| 102 | @aCN@b230000 | |
| 105 | @ay q 000yy | |
| 200 | 1 | @a大学英语四级考试新题型模拟试卷@9da xue ying yu si ji kao shi xin ti xing mo ni shi juan@f潘丽主编 |
| 210 | @a哈尔滨@c哈尔滨工业大学出版社@d2006 | |
| 215 | @a250页@d26cm@e1光盘 | |
| 307 | @a附光盘:ISRC CN-Z08-06-340-00 | |
| 330 | @a本书为将要参加大学英语四级统考的考生提供了12套模拟题,全部依照大学英语四级考试改革后的新题型精心编写。 | |
| 606 | 0 | @a英语@x高等学校@j试题 |
| 606 | 0 | @a英语 |
| 690 | @aH319.6@v4 | |
| 690 | @aH310.42@v3 | |
| 701 | 0 | @a潘丽@9pan li@c(英语)@4主编 |
| 801 | 0 | @aCN@bNLC@c20070803 |
| 905 | @a10447@dH310.42@e1390 | |
| 大学英语四级考试新题型模拟试卷/潘丽主编.-哈尔滨:哈尔滨工业大学出版社,2006 |
| 250页;26cm+1光盘 |
| ISBN 7-5603-2340-5:CNY25.80 |
| 本书为将要参加大学英语四级统考的考生提供了12套模拟题,全部依照大学英语四级考试改革后的新题型精心编写。 |
| ● |
| 相关链接 |
|
|
|
|
正题名:大学英语四级考试新题型模拟试卷
索取号:H310.42/1390
 
预约/预借
| 序号 | 登录号 | 条形码 | 馆藏地/架位号 | 状态 | 备注 |
| 1 | 0801384 | 208013843 | 第二样本阅览室/ [索取号:H310.42/1390] | 在馆 | |
| 2 | 0801385 | 208013852 | 第四借阅区/ [索取号:H310.42/1390] | 在馆 | |
| 3 | 0801386 | 208013861 | 第四借阅区/ [索取号:H310.42/1390] | 在馆 | |
| 4 | 0801387 | 208013870 | 第四借阅区/ [索取号:H310.42/1390] | 在馆 | |
| 5 | 0801388 | 208013889 | 第四借阅区/ [索取号:H310.42/1390] | 在馆 | |
| 6 | 0801389 | 208013898 | 第四借阅区/ [索取号:H310.42/1390] | 在馆 | |
| 7 | 0801390 | 208013905 | 第四借阅区/ [索取号:H310.42/1390] | 在馆 | |
| 8 | 0801391 | 208013914 | 第四借阅区/ [索取号:H310.42/1390] | 在馆 | |
| 9 | 0801392 | 208013923 | 第四借阅区/ [索取号:H310.42/1390] | 在馆 | |
| 10 | 0801393 | 208013932 | 第四借阅区/ [索取号:H310.42/1390] | 在馆 |
本书有关联资源:
1 .光盘 /ISO :大学英语四级考试新题型模拟试卷 /
下载